logo

Bir Sreshtho Munshi Abdur Rouf Library
Jhenaidah Cadet College

The Writer's resource : (Record no. 7508)

MARC details
000 -LEADER
fixed length control field 00856cam a2200289 a 4500
001 - CONTROL NUMBER
JCCL Control Number 7508
003 - CONTROL NUMBER IDENTIFIER
JCCL marc code BD-JhCC
005 - DATE AND TIME OF LATEST TRANSACTION
control field 20180211103449.0
008 - FIXED-LENGTH DATA ELEMENTS--GENERAL INFORMATION
fixed length control field 820603s1983 nyu 001 0 eng
020 ## - INTERNATIONAL STANDARD BOOK NUMBER
International Standard Book Number 0070161526 (pbk.) :
Terms of availability $11.50 (est.)
035 ## - SYSTEM CONTROL NUMBER
system control number (BD-JhCC)7508
040 ## - CATALOGING SOURCE
Original cataloging agency DLC
Transcribing agency DLC
Modifying agency DLC
041 ## - LANGUAGE CODE
Language code of Book eng
050 00 - LIBRARY OF CONGRESS CALL NUMBER
Classification number PE1417
Item number .W674 1983
082 00 - DEWEY DECIMAL CLASSIFICATION NUMBER
Classification number 808/.0427
DDC Edition number 19
245 04 - TITLE STATEMENT
Title The Writer's resource :
Remainder of title readings for composition /
Statement of responsibility, etc [edited by] Susan Day, Elizabeth McMahan.
260 ## - PUBLICATION, DISTRIBUTION, ETC. (IMPRINT)
Place of publication, distribution, etc New York :
Name of publisher, distributor, etc McGraw-Hill,
Date of publication, distribution, etc c1983.
300 ## - PHYSICAL DESCRIPTION
Pagination 446 p. ;
Dimensions 23 cm.
500 ## - GENERAL NOTE
General note Includes index.
650 #0 - SUBJECT ADDED ENTRY--TOPICAL TERM
Topical term or geographic name as entry element College readers.
650 #0 - SUBJECT ADDED ENTRY--TOPICAL TERM
Topical term or geographic name as entry element Report writing
General subdivision Problems, exercises, etc.
650 #0 - SUBJECT ADDED ENTRY--TOPICAL TERM
Topical term or geographic name as entry element English language
General subdivision Rhetoric.
700 1# - ADDED ENTRY--PERSONAL NAME
Personal name Day, Susan
Dates associated with a name 1950 October 12-
700 1# - ADDED ENTRY--PERSONAL NAME
Personal name McMahan, Elizabeth.
942 ## - ADDED ENTRY ELEMENTS (KOHA)
Source of classification or shelving scheme Dewey Decimal Classification
Koha item type Books
Holdings
Source of classification or shelving scheme Damaged status Not for loan Home library Current library Shelving location Date of accession Total Checkouts Full call number Barcode Date last seen Copy number Koha item type
Dewey Decimal Classification     JCC Rouf Library JCC Rouf Library General Stacks 02/11/2018   808/.0427 WRI 1963 9940 02/11/2018 C-1 Books

JCC Library | Contacts | JCC Home

Last Update on 23 September 2017
Copyright @ 2017-2020 JCC Rouf Library
Rouf Library, Jhenidah Cadet College (JCC), Bangladesh